000
00440nam a2200133Ia 4500
008
100328s9999 xx 000 0 und d
082
_b
47773
100
_a
ढवळे केशव भिकाजी
245
_a
मोडी लिपी भाग-1
260
_b
ज्योती ानंजय ढवळे
630
_a
मोडी लिपी भाग-1
730
_a
मोडी लिपी भाग-1
942
_c
BOOK
999
_c
535497
_d
535494